000
00319nam a22001457a 4500
008
180817b xxu||||| |||| 00| 0 eng d
020
_a
9780940898813
041
_a
eng
080
_2
10th
_a
159.9
082
_a
159.9
100
_a
48
101
_a
PSI
245
_a
Mental Retardation
_c
Luckasson,R
942
_2
udc
_c
BK
999
_c
47198
_d
47198